La Autobiografía y sus problemas teóricos : estudios e investigación documental /

Bibliographic Details
Other Authors: Loureiro, Angel G.
Format: Book
Language:Spanish
Published: Barcelona : Editorial Anthropos, [1991]
Series:Anthropos (Barcelona, Spain). Suplementos ; 29.
Subjects:

MARC

Tag First Indicator Second Indicator Subfields
LEADER 00000cam a2200000 a 4500
001 in00001406586
005 20151020072805.0
008 920824s1991 sp b 000 0 spa d
035 |a (OCoLC)26840072 
035 |9 AHQ3531AM 
040 |a NYP  |c NYP  |d GZM  |d TXA  |d UtOrBLW 
049 |a TXAM 
090 |a CT25  |b .A945 1991 
092 |a 920 
245 0 3 |a La Autobiografía y sus problemas teóricos :  |b estudios e investigación documental /  |c [coordinador, Angel G. Loureiro]. 
264 1 |a Barcelona :  |b Editorial Anthropos,  |c [1991] 
300 |a 184 pages ;  |c 27 cm. 
336 |a text  |b txt  |2 rdacontent 
337 |a unmediated  |b n  |2 rdamedia 
338 |a volume  |b nc  |2 rdacarrier 
490 1 |a Anthropos. Suplementos,  |x 1130-2089 ;  |v 29.  |a Monografías temáticas 
500 |a Cover title. 
500 |a "Diciembre 1991." 
504 |a Includes bibliographical references. 
505 0 |a Estudios -- Documentación. 
650 0 |a Autobiography. 
650 0 |a Autobiography  |x Documentation. 
650 0 |a Autobiography  |x Bibliography. 
700 1 |a Loureiro, Angel G. 
830 0 |a Anthropos (Barcelona, Spain).  |p Suplementos ;  |v 29. 
948 |a c:blr 
999 |a MARS 
999 f f |s 4b3c5812-2bf1-3dbf-b0c5-529e3427c36f  |i a5576570-e429-3088-885e-f90772e7ccfe  |t 0 
952 f f |p ric  |a Texas A&M University  |b Rellis Campus  |c Joint Library Facility  |d Remote Storage  |t 0  |e CT25 .A945 1991  |h Library of Congress classification  |i unmediated -- volume  |m A14822554690 
998 f f |a CT25 .A945 1991  |t 0  |l Remote Storage